Eugénie Grandet

שמור ב:
מידע ביבליוגרפי
מחבר ראשי: Honoré de Balzac
פורמט: ספר
שפה:Undetermined
יצא לאור: New York Alfred A. Knopf 1992
נושאים:
תגים: הוספת תג
אין תגיות, היה/י הראשונ/ה לתייג את הרשומה!
Thư viện lưu trữ: Trung tâm Học liệu Trường Đại học Cần Thơ
LEADER 00455nam a2200169Ia 4500
001 CTU_46806
008 210402s9999 xx 000 0 und d
082 |a 843.8 
082 |b B198 
100 |a Honoré de Balzac 
245 0 |a Eugénie Grandet 
245 0 |c Honoré de Balzac 
260 |a New York 
260 |b Alfred A. Knopf 
260 |c 1992 
650 |a french fiction - 19th century 
980 |a Trung tâm Học liệu Trường Đại học Cần Thơ